000 01185nam a2200325 i 4500
001 000038456
003 DO-SdBNP
005 20250909071008.0
007 ta
008 130411s1989 dr ac 001 0 spa d
040 _aDO-SdBNP
_bspa
_cBNPHU
_erda
041 _aspa
082 4 _a972.93054
_bH552g 1989
_222
100 1 _aHamlet, Hermann,
_d1934-2016
_eautor
_4aut.
_936649
245 1 3 _aEl guerrillero y el general /
_cHamlet Hermann, Ramiro Matos ; prólogo, Freddy Beras Goico
250 _aSegunda edición
264 1 _aSanto Domingo :
_bEditora Alfa & Omega,
_c1989.
300 _a341 páginas :
_bilustraciones, retratos ;
_c22 cm.
336 _atexto
_btxt
_2rdacontent
337 _asin mediación
_bn
_2rdamedia
338 _avolumen
_bnc
_2rdacarrier
500 _aIncluye índice onomástico
590 _aInventariado, 2019/MFF
651 4 _aRepública Dominicana
_xPolítica y gobierno
_y1961-
_9204
651 4 _aRepública Dominicana --
_xHistoria --
_y1961-
_96572
700 1 _aMatos G., Ramiro,
_q(Matos González)
_eautor
_4aut.
_954624
700 1 _aBeras Goico, Freddy,
_eprologuista
_4pr.
_91913
910 _aValidado. Control de calidad MFF
942 _2ddc
_cLBS1
999 _c37946
_d37946